00245nam a22000977a 4500082001000000100001900010245007300029260001400102526001900116650001200135 aP-158 aCapt Imran Ali aConcrete practiicals note book concrete technology-1cCapt Imran Ali c21-4-2000 a0b0c0dP_158 aProject